000 00395nam a2200109Ia 4500
008 221009s9999 xx 000 0 und d
082 _a020
100 _aडॉ जी डी भार्गव
_936839
245 0 _aग्रन्‍थालय वर्गीकरण
260 _bमध्‍यप्रदेश हिन्‍दी ग्रन्‍थ अकादमी
942 _cBK
999 _c64685
_d64685